El trasfondo de lo finito. La revelación en la teología de Paul Tillich.

Saved in:
Bibliografiske detaljer
Hovedforfatter: Castelao, Pedro F. (autor)
Format: Ukendt
Udgivet: Bilbao, España: Desclée De Brouwer, 2000.
Serier:Religiones en Diálogo. Teoría
Fag:
Tags: Tilføj Tag
Ingen Tags, Vær først til at tagge denne postø!

MARC

LEADER 00000 a2200000 4500
003 CL-VaPUC
005 20221124172644.0
008 221017t2000 ||||| |||| 00| 0 eng d
999 |c 436431  |d 436429 
020 |a 84-330-1542-7 
040 |c Pontificia Universidad Católica de Valparaíso 
082 |2 22  |a 231.74 CAS 2000  
100 |a Castelao, Pedro F.  |9 871620  |e autor 
245 |a El trasfondo de lo finito.   |b La revelación en la teología de Paul Tillich. 
260 |a Bilbao, España:  |b Desclée De Brouwer,  |c 2000. 
300 |a 199 páginas. 
490 |a Religiones en Diálogo. Teoría   |n  9. 
583 |k GC  |c 20221017 
600 0 |a Tillich, Paul,  |d 1886-1965  |v Crítica e interpretación   |x Teólogo   |9 416173 
650 0 |9 313616  |a Revelación   |x Dios   |x Teología cristiana  
942 |2 ddc  |c BK 
952 |0 0  |1 0  |2 ddc  |4 0  |6 231_740000000000000_CAS_2000  |7 0  |8 A  |9 587248  |a BIBTEO  |b BIBTEO  |c GEN  |d 2022-10-13  |e 3  |g 12964.00  |i 5655182  |l 1  |m 2  |o 231.74 CAS 2000  |p 5655182  |r 2025-01-17  |s 2022-12-13  |t 1  |v 12964.00  |w 2022-10-13  |y BK  |k ICR